Judaísmo / (Record no. 79726)

MARC details
000 -LEADER
campo de control de longitud fija 00855nam a2200253 i 4500
001 - NÚMERO DE CONTROL
campo de control 79726
003 - IDENTIFICADOR DE NÚMERO DE CONTROL
campo de control ES-MaACL
005 - FECHA Y HORA DE LA ÚLTIMA TRANSACCIÓN
campo de control 20250815170401.0
007 - CAMPO FIJO DE DESCRIPCIÓN FÍSICA--INFORMACIÓN GENERAL
campo de control de longitud fija t|
008 - DATOS DE LONGITUD FIJA--INFORMACIÓN GENERAL
campo de control de longitud fija 041022s1963 sp ||||1| spa d
080 ## - NÚMERO DE LA CLASIFICACIÓN DECIMAL UNIVERSAL
Número de la Clasificación Decimal Universal 296
100 1# - ENTRADA PRINCIPAL--NOMBRE DE PERSONA
Nombre de persona Hertzberg, Arthur.
9 (RLIN) 63407
245 10 - MENCIÓN DEL TÍTULO
Título Judaísmo /
Mención de responsabilidad, etc. por Arthur Hertzberg ; [traducción de Manuel de la Escalera].
260 ## - PUBLICACIÓN, DISTRIBUCIÓN, ETC.
Lugar de publicación, distribución, etc. Barcelona :
Nombre del editor, distribuidor, etc. Plaza & Janés,
Fecha de publicación, distribución, etc. [1963]
300 ## - DESCRIPCIÓN FÍSICA
Extensión 228 p., 6 lám. ;
Dimensiones 24 cm.
490 1# - MENCIÓN DE SERIE
Mención de serie Las grandes religiones del hombre moderno
490 1# - MENCIÓN DE SERIE
Mención de serie Biblioteca de ampliación cultural
650 #7 - PUNTO DE ACCESO ADICIONAL DE MATERIA--TÉRMINO DE MATERIA
Término de materia o nombre geográfico como elemento de entrada Judaísmo
Fuente del encabezamiento o término embne
9 (RLIN) 13966
700 0# - ENTRADA AGREGADA--NOMBRE PERSONAL
Nombre de persona Escalera, Manuel de la,
Fechas asociadas al nombre 1895-1994
9 (RLIN) 47481
830 14 - PUNTO DE ACCESO ADICIONAL DE SERIE-TÍTULO UNIFORME
Título uniforme Las grandes religiones del hombre moderno
9 (RLIN) 231454
830 1# - PUNTO DE ACCESO ADICIONAL DE SERIE-TÍTULO UNIFORME
Título uniforme Biblioteca de ampliación cultural
9 (RLIN) 186925
852 ## - LOCALIZACIÓN
Ubicación ES-MaACL
Número de control de estantería C-24022
Holdings
Estatus retirado Estado de pérdida Estado de daño No para préstamo Biblioteca de origen Biblioteca actual Ubicación en estantería Fecha de adquisición Fuente de adquisición Total de préstamos Signatura topográfica completa Código de barras Visto por última vez Precio de reemplazo Tipo de ítem Koha
        Biblioteca del Ateneo de Madrid Biblioteca del Ateneo de Madrid Depósito 2 17/01/2008     C-24022 1083366 23/02/2023 23/02/2023 Libro impreso